书目信息 |
| 题名: |
数字图像处理
|
|
| 作者: | 莫德举 , 梁光华 主编 | |
| 分册: | ||
| 出版信息: | 北京 北京邮电大学出版社 2010.01 |
|
| 页数: | 165页 | |
| 开本: | 26cm | |
| 丛书名: | ||
| 单 册: | ||
| 中图分类: | TN911.73 | |
| 科图分类: | ||
| 主题词: | 数字图像处理--shu zi tu xiang chu li | |
| 电子资源: | ||
| ISBN: | 978-7-5635-1892-0 | |
| 000 | 00964nam0 2200265 450 | |
| 001 | 012010273187 | |
| 005 | 20100404133050.37 | |
| 010 | @a978-7-5635-1892-0@dCNY19.00 | |
| 100 | @a20100404d2010 em y0chiy0120 ea | |
| 101 | 0 | @achi |
| 102 | @aCN@b110000 | |
| 105 | @aak a 000yy | |
| 106 | @ar | |
| 200 | 1 | @a数字图像处理@Ashu zi tu xiang chu li@f主编莫德举, 梁光华@Fzhu bian mo de ju,liang guang hua |
| 210 | @a北京@c北京邮电大学出版社@d2010.01 | |
| 215 | @a165页@c图@d26cm | |
| 300 | @a普通高等院校电子信息类应用型规划教材 | |
| 320 | @a有书目 (第165页) | |
| 330 | @a本书系统介绍了数字图像处理的基本理论、基本算法以及用Visual Basic 6.O(简称VB 6.0)进行图像处理、编程的方法。本书强调现代数字图像处理理论与应用的紧密结合。 | |
| 606 | 0 | @a数字图像处理@Ashu zi tu xiang chu li |
| 690 | @aTN911.73@v4 | |
| 701 | 0 | @a莫德举@Amo de ju@4主编 |
| 701 | 0 | @a梁光华@Aliang guang hua@4主编 |
| 801 | 0 | @aCN@bQSSK@c20100404 |
| 905 | @b773890-92@dTN911.73@eM842@f3 | |
| 数字图像处理/主编莫德举, 梁光华.-北京:北京邮电大学出版社,2010.01 |
| 165页:图;26cm |
| 普通高等院校电子信息类应用型规划教材 |
| ISBN 978-7-5635-1892-0:CNY19.00 |
| 本书系统介绍了数字图像处理的基本理论、基本算法以及用Visual Basic 6.O(简称VB 6.0)进行图像处理、编程的方法。本书强调现代数字图像处理理论与应用的紧密结合。 |
| ● |
| 相关链接 |
|
|
|
正题名:数字图像处理
索取号:TN911.73/M842
 
预约/预借
| 序号 | 登录号 | 条形码 | 馆藏地/架位号 | 状态 | 备注 |
| 1 | 773890 | 207738901 | 自科库301/301自科库 36排3列2层/ [索取号:TN911.73/M842] | 在馆 | |
| 2 | 773891 | 207738910 | 自科库301/301自科库 36排3列2层/ [索取号:TN911.73/M842] | 在馆 | |
| 3 | 773892 | 207738929 | 期刊室512/301自科库 28排1列5层/ [索取号:TN911.73/M842] | 在馆 |